1074 1418 1542 1491 1023 1970 1532 1533 1708 1746 1431 1284 1405 1560 1017 1293 1850 1734 1210 1697 1815 1887 1179 1138 1747 1023 1042 1190 1347 1361 1234 1456 1366 1476 1414 1810 1839 1576 1115 1906 1598 1040 1237 1087 1981 1949 1103 1299 1594 1045 1949 1236 1552 1806 1525 1531 1641 1763 1802 1462 1299 1997 1815 1873 1071 1416 1774 1807 1464 1994 1324 1111 1095 1843 1725 1680 1715 1427 1973 1938 1217 1063 1005 1317 1482 1458 1836 1772 1443 1830 1919 1192 1186 1162 1920 1203 1453 1128 1135 BCNSPRNW ULIB Ver.6.0+V

เปลี่ยนเป็นภาษาไทย

Change to English
 แสดงรายละเอียดบรรณานุกรม
  กลับหน้าหลัก

Brief Record : Get Marc (ISO 2709) : E-mail record : QR code < ปิดหน้าต่าง
LEADER : 00000nam 2200000uu 4500
001    13399108039
003     ULIB
008    110215s2543||||th 000 0 tha d
020    9746644335
060 04 WY100^bข379ค 2543
245 00 คู่มือปฏิบัติการพยาบาล =^bNursing manual /^cบรรณาธิการ,ขวัญตา เกิดชูชื่น ... [และคนอื่นๆ]
246 31 Nursing manual
250    พิมพ์ครั้งที่ 15 ; แก้ไขและปรับปรุงครั้งที่ 5
260    กรุงเทพฯ :^bภาควิชาพยาบาลศาสตร์คณะแพทยศาสตร์โรงพยาบาลรามาธิบดี มหาวิทยาลัยมหิดล,^c2543
300    (15), 731 หน้า :^bภาพประกอบ :^c27 ซม.
504    บรรณานุกรม
650  2 Nursing, Practice
650  7 การพยาบาล^xคู่มือ
700 1  ขวัญตา เกิดชูชื่น,^eบรรณาธิการ
710 2  มหาวิทยาลัยมหิดล. ^bคณะแพทยศาสตร์โรงพยาบาลรามาธิบดี.^bภาควิชาพยาบาลศาสตร์
945    ^p0^l0^i020971
995    ทศพร
999 ^a ใช้งานได้ทุกระบบ
รายการนี้ยังไม่มีแท็ก
คุณยังไม่ได้ล็อกอิน คุณสามารถมีกิจกรรมร่วมกับเว็บไซต์ได้ แต่ต้องล็อกอินก่อน ::
  ล็อกอิน

รายการสื่อสารสนเทศ

ลำดับที่ ประเภท เลขเรียก/บาร์โค้ด สถานที่ สถานะ
- ไม่พบข้อมูล -

BibComment


ยังไม่เคยถูกคอมเมนท์

คอมเมนท์ทรัพยากรรายการนี้
  คอมเมนท์: คู่มือปฏิบัติการพ..


 Copyright 2026. Bcnsprnw @Library